000 00579nam a22002057i 4500
001 3485
003 OSt
005 20170126082319.0
007 tu
008 161220s1997 xxu||||| |||| 00| 0 d
024 7 _a3484
_2RID
040 _cOSt
084 _a15.24
_a11.23
_2z
100 1 _aShams, Rasul
245 0 0 _aGibt es noch einen Spielraum fürHandels- und Industriepolitik in Entwicklungsländern
260 _aHamburg :
_bHWWA-Institut für Wirtschaftsforschung,Hamburg,
_c1997.
300 _a22 S. ;
_c30cm.
490 _aHWWA-Diskussionspapier
_v44
651 _aDeveloping countries
942 _cB
999 _c3435
_d3435